The book on leadership : (Record no. 3442)
[ view plain ]
| 000 -LEADER | |
|---|---|
| fixed length control field | 01571cam a2200349 a 4500 |
| 001 - CONTROL NUMBER | |
| control field | 113681 |
| 003 - CONTROL NUMBER IDENTIFIER | |
| control field | GBCCL |
| 005 - DATE AND TIME OF LATEST TRANSACTION | |
| control field | 20241126110455.0 |
| 008 - FIXED-LENGTH DATA ELEMENTS--GENERAL INFORMATION | |
| fixed length control field | 040824s2004 tnub b 000 0 eng |
| 010 ## - | |
| -- | 2004020084 |
| 020 ## - INTERNATIONAL STANDARD BOOK NUMBER | |
| International Standard Book Number | 0785262512 |
| 035 ## - SYSTEM CONTROL NUMBER | |
| System control number | (OCoLC)ocm56481692 |
| 040 ## - CATALOGING SOURCE | |
| Original cataloging agency | DLC |
| Transcribing agency | DLC |
| Modifying agency | LBB |
| 042 ## - | |
| -- | pcc |
| 049 ## - | |
| -- | LBBK |
| -- | LBBL |
| 050 00 - | |
| -- | BV652.1 |
| -- | .M23 2004 |
| 082 00 - DEWEY DECIMAL CLASSIFICATION NUMBER | |
| Classification number | 253 |
| Edition information | 22 |
| Item number | MAC |
| 090 ## - LOCALLY ASSIGNED LC-TYPE CALL NUMBER (OCLC); LOCAL CALL NUMBER (RLIN) | |
| Classification number (OCLC) (R) ; Classification number, CALL (RLIN) (NR) | BV652.1 |
| Local cutter number (OCLC) ; Book number/undivided call number, CALL (RLIN) | .M23 2004 |
| 100 1# - MAIN ENTRY--PERSONAL NAME | |
| Personal name | MacArthur, John, |
| Dates associated with a name | 1939- |
| 9 (RLIN) | 1165 |
| 245 14 - TITLE STATEMENT | |
| Title | The book on leadership : |
| Remainder of title | the power of a godly influence / |
| Statement of responsibility, etc. | John MacArthur. |
| 260 ## - PUBLICATION, DISTRIBUTION, ETC. | |
| Place of publication, distribution, etc. | Nashville : |
| Name of publisher, distributor, etc. | T. Nelson Publishers, |
| Date of publication, distribution, etc. | c2004. |
| 300 ## - PHYSICAL DESCRIPTION | |
| Extent | xii, 211 p. : |
| Other physical details | map ; |
| Dimensions | 24 cm. |
| 504 ## - BIBLIOGRAPHY, ETC. NOTE | |
| Bibliography, etc. note | Includes bibliographical references. |
| 505 0# - FORMATTED CONTENTS NOTE | |
| Formatted contents note | Earning trust -- Taking the initiative -- Taking courage -- Taking charge -- A leader's devotion to his people -- Paul defends his sincerity -- Who is sufficient for these things? -- A leader made of clay -- The leader's warfare -- How to not be disqualified -- Who is fit to lead? -- The measure of a leader's success. |
| 520 ## - SUMMARY, ETC. | |
| Summary, etc. | LBC Collection copy was presented to Lancaster Bible College in honor of Charlie Jones for the Charles & Gloria Jones Library,Gibson Armstrong |
| 600 00 - SUBJECT ADDED ENTRY--PERSONAL NAME | |
| Personal name | Paul, |
| Titles and other words associated with a name | the Apostle, Saint. |
| 9 (RLIN) | 1848 |
| 630 00 - SUBJECT ADDED ENTRY--UNIFORM TITLE | |
| Uniform title | Bible. |
| Name of part/section of a work | N.T. |
| General subdivision | Criticism, interpretation, etc. |
| 9 (RLIN) | 2339 |
| 650 #0 - SUBJECT ADDED ENTRY--TOPICAL TERM | |
| Topical term or geographic name entry element | Christian leadership. |
| 9 (RLIN) | 1568 |
| 650 #0 - SUBJECT ADDED ENTRY--TOPICAL TERM | |
| Topical term or geographic name entry element | Christian leadership |
| General subdivision | Biblical teaching. |
| 9 (RLIN) | 5795 |
| 856 41 - ELECTRONIC LOCATION AND ACCESS | |
| Materials specified | Table of contents |
| Uniform Resource Identifier | <a href="http://www.loc.gov/catdir/toc/ecip0422/2004020084.html">http://www.loc.gov/catdir/toc/ecip0422/2004020084.html</a> |
| 942 ## - ADDED ENTRY ELEMENTS (KOHA) | |
| Source of classification or shelving scheme | Dewey Decimal Classification |
| Koha item type | Books |
| Koha issues (borrowed), all copies | 7 |
| Withdrawn status | Lost status | Source of classification or shelving scheme | Damaged status | Not for loan | Home library | Current Library | Shelving location | Date acquired | Total checkouts | Full call number | Barcode | Date last seen | Date last checked out | Copy number | Price effective from | Koha item type | Source of acquisition | Cost, normal purchase price | Cost, replacement price | Total renewals |
|---|---|---|---|---|---|---|---|---|---|---|---|---|---|---|---|---|---|---|---|---|
| Dewey Decimal Classification | GRACE BIBLE COLLEGE | GRACE BIBLE COLLEGE | Ministry & Mission | 2017-11-28 | 1 | 253 MAC | 002352 | 2025-05-01 | 2018-03-08 | c.1 | 2017-11-28 | Books | ||||||||
| Dewey Decimal Classification | GRACE BIBLE COLLEGE | GRACE BIBLE COLLEGE | Ministry & Mission | 2018-07-09 | 2 | 253 MAC | 014780 | 2025-05-01 | 2021-03-30 | c.2 | 2018-07-09 | Books | 9 | 250.00 | 250.00 | |||||
| Dewey Decimal Classification | GRACE BIBLE COLLEGE | GRACE BIBLE COLLEGE | Ministry & Mission | 2018-07-09 | 2 | 253 MAC | 014781 | 2025-05-01 | 2022-08-19 | c.3 | 2018-07-09 | Books | 9 | 250.00 | 250.00 | |||||
| Dewey Decimal Classification | GRACE BIBLE COLLEGE | GRACE BIBLE COLLEGE | Ministry & Mission | 2018-07-09 | 3 | 253 MAC | 014782 | 2025-10-10 | 2025-10-06 | c.4 | 2018-07-09 | Books | 9 | 250.00 | 250.00 | 1 |